[Event "20. Open Pula 2006"]
[Site "Pula CRO"]
[Date "2006.06.21"]
[Round "4.3"]
[White "Saric, Ivan"]
[Black "Kovacevic, Aleksandar"]
[Result "1-0"]
[WhiteElo "2393"]
[BlackElo "2536"]
[PlyCount "113"]
[EventDate "2006.06.18"]
[EventType "swiss"]
[EventRounds "9"]
[EventCountry "CRO"]
[Source "lmi"]
[SourceDate "2006.06.26"]

1. e4 c5 2. Nf3 d6 3. d4 cxd4 4. Nxd4 Nf6 5. Nc3 a6 6. Be2 e6 7. O-O Be7 8. f4
O-O 9. Kh1 Qc7 10. Be3 b5 11. Bf3 Bb7 12. e5 dxe5 13. fxe5 Nfd7 14. Bf4 Nc6 15.
Bxc6 Bxc6 16. Qg4 Kh8 17. Rae1 b4 18. Nd1 Bb7 19. Re3 Qc4 20. Rd3 Be4 21. b3
Qc7 22. Rg3 Bg6 23. h4 h5 24. Qe2 Nc5 25. Nf3 Qb7 26. Ng5 Ne4 27. Re3 Bxg5 28.
hxg5 Rac8 29. Kh2 Nd2 30. Rf2 Ne4 31. Rff3 Rfd8 32. Rd3 Kg8 33. Rxd8+ Rxd8 34.
c4 Qd7 35. Nf2 Nc3 36. Qe3 Qc6 37. a3 a5 38. axb4 axb4 39. Qe1 Bc2 40. Bd2 Bxb3
41. Bxc3 bxc3 42. Rxc3 Bxc4 43. Ne4 Rd4 44. Nd6 Qd5 45. Rf3 Bd3 46. Rxf7 Be4
47. Qg3 Bxg2 48. g6 Be4 49. Rxg7+ Kxg7 50. Ne8+ Kg8 51. Nf6+ Kg7 52. Nxd5 Rd2+
53. Kh3 Rxd5 54. Qg5 Bf5+ 55. Kh2 Bxg6 56. Qf6+ Kg8 57. Qxg6+ 1-0

[Event "20. Open Pula 2006"]
[Site "Pula CRO"]
[Date "2006.06.21"]
[Round "4.5"]
[White "Krumpacnik, Domen"]
[Black "Kveinys, Aloyzas"]
[Result "1-0"]
[WhiteElo "2385"]
[BlackElo "2532"]
[PlyCount "57"]
[EventDate "2006.06.18"]
[EventType "swiss"]
[EventRounds "9"]
[EventCountry "CRO"]
[Source "lmi"]
[SourceDate "2006.06.26"]

1. d4 Nf6 2. Nf3 c5 3. c3 b6 4. Bf4 Bb7 5. Nbd2 g6 6. h3 Bg7 7. e3 O-O 8. Bc4
d6 9. O-O Qd7 10. Re1 b5 11. Bf1 Rc8 12. a4 a6 13. axb5 axb5 14. Rxa8 Bxa8 15.
Qb3 c4 16. Qc2 Nd5 17. Bg3 Bh6 18. e4 Nf4 19. b3 Nh5 20. Bh2 cxb3 21. Qxb3 Qc7
22. Nb1 Bf4 23. g3 Bh6 24. g4 Nf6 25. g5 Nxe4 26. gxh6 Nd7 27. Rxe4 Bxe4 28.
Ng5 Rf8 29. Nxe4 1-0

[Event "20. Open Pula 2006"]
[Site "Pula CRO"]
[Date "2006.06.21"]
[Round "4.8"]
[White "Nikolov, Sasho"]
[Black "Popovic, Dusan"]
[Result "1/2-1/2"]
[WhiteElo "2354"]
[BlackElo "2496"]
[PlyCount "112"]
[EventDate "2006.06.18"]
[EventType "swiss"]
[EventRounds "9"]
[EventCountry "CRO"]
[Source "lmi"]
[SourceDate "2006.06.26"]

1. d4 Nf6 2. Nc3 d5 3. Bg5 Nbd7 4. Nf3 c6 5. e3 Qb6 6. Rb1 e6 7. a3 Qa5 8. b4
Qc7 9. Bd3 a5 10. O-O axb4 11. axb4 Ra3 12. Ne2 Bd6 13. Qc1 Ra4 14. c3 h6 15.
Bh4 Nh5 16. Qc2 Ra3 17. c4 g5 18. Bg3 Nxg3 19. hxg3 dxc4 20. Bxc4 Nb6 21. b5
O-O 22. bxc6 Qxc6 23. Bd3 Qxc2 24. Bxc2 Nd5 25. Be4 Nxe3 26. Rfc1 Ng4 27. Bxb7
Bxb7 28. Rxb7 Ra2 29. Nc3 Raa8 30. Ne4 Rfc8 31. Rcb1 Rd8 32. Nh2 Nxh2 33. Kxh2
Bf8 34. Nf6+ Kg7 35. Nd7 Re8 36. Rc1 Re7 37. Rcc7 Kh8 38. Nb6 Rae8 39. Kh3 Rxc7
40. Rxc7 Re7 41. Rc8 Kg7 42. d5 Rb7 43. Rc6 exd5 44. Nxd5 Rb2 45. f3 Rb3 46.
Kg4 Rd3 47. Nf6 Rd2 48. Nh5+ Kg8 49. Kh3 Bg7 50. g4 Rd1 51. Ng3 Be5 52. Rxh6 f6
53. Rh5 Rb1 54. Kh2 Ra1 55. Kh3 Rb1 56. Kh2 Ra1 1/2-1/2

[Event "20. Open Pula 2006"]
[Site "Pula CRO"]
[Date "2006.06.21"]
[Round "4.9"]
[White "Abergel, Thal"]
[Black "Plenkovic, Zdenko"]
[Result "0-1"]
[WhiteElo "2457"]
[BlackElo "2278"]
[PlyCount "120"]
[EventDate "2006.06.18"]
[EventType "swiss"]
[EventRounds "9"]
[EventCountry "CRO"]
[Source "lmi"]
[SourceDate "2006.06.26"]

1. e4 c6 2. d4 d5 3. Nc3 dxe4 4. Nxe4 Nf6 5. Nxf6+ gxf6 6. Nf3 h5 7. Bc4 Qd6 8.
Qd3 a5 9. a4 Be6 10. Bd2 Na6 11. Bxa5 Nb4 12. Bxb4 Qxb4+ 13. Nd2 Bh6 14. Bxe6
fxe6 15. Qc3 Bxd2+ 16. Kxd2 Qd6 17. Ke2 Rg8 18. g3 Rg4 19. f4 Qd5 20. Kf2 Rxa4
21. Rhd1 Rxa1 22. Rxa1 h4 23. Qd3 Rg7 24. Re1 Qf5 25. Qxf5 exf5 26. Re3 hxg3+
27. Rxg3 Rh7 28. h3 b5 29. b3 b4 30. Rg8+ Kf7 31. Rc8 Rxh3 32. Rxc6 Rh4 33. Kg3
Rh1 34. Rc4 Rc1 35. Kf3 Ke6 36. Ke3 Kd6 37. Kd3 Rd1+ 38. Ke2 Rc1 39. Kd2 Rf1
40. Rxb4 Rxf4 41. Kd3 Rf3+ 42. Kc4 Re3 43. Rb6+ Kc7 44. Rb5 e5 45. Kd5 f4 46.
Rc5+ Kb7 47. Rc6 Re2 48. c4 f3 49. Rxf6 e4 50. Rf7+ Kc8 51. Kd6 f2 52. c5 Rc2
53. c6 Kb8 54. d5 e3 55. Kd7 Rc1 56. d6 e2 57. c7+ Kb7 58. Kd8 Kb6 59. d7 Rxc7
60. Rf6+ Kb7 0-1

[Event "20. Open Pula 2006"]
[Site "Pula CRO"]
[Date "2006.06.21"]
[Round "4.10"]
[White "Mazi, Leon"]
[Black "Sakelsek, Tadej"]
[Result "0-1"]
[WhiteElo "2351"]
[BlackElo "2428"]
[PlyCount "92"]
[EventDate "2006.06.18"]
[EventType "swiss"]
[EventRounds "9"]
[EventCountry "CRO"]
[Source "lmi"]
[SourceDate "2006.06.26"]

1. e4 e5 2. Nf3 Nc6 3. Bb5 a6 4. Ba4 Nf6 5. O-O b5 6. Bb3 Bc5 7. d3 h6 8. a4
Bb7 9. Nc3 b4 10. Ne2 O-O 11. Ng3 d5 12. exd5 Nxd5 13. Ne4 Be7 14. a5 Nf6 15.
Ng3 Bc5 16. Nh4 Nd4 17. Bc4 Nd5 18. Qg4 Nf4 19. Be3 Qg5 20. h3 Qxg4 21. hxg4 g6
22. Rfe1 g5 23. Nhf5 Nxg2 24. Bxd4 Bxd4 25. Nxd4 Nxe1 26. Rxe1 exd4 27. Re7
Rad8 28. Nf5 Bd5 29. Rxc7 Bxc4 30. Rxc4 Rfe8 31. Nxd4 Rd5 32. Rxb4 Rxa5 33. Rb6
Ra2 34. b4 Rd8 35. Nf5 Rxc2 36. Nxh6+ Kf8 37. Rxa6 Rxd3 38. Nf5 Ke8 39. Rf6 Rc4
40. Ne3 Rxb4 41. Rf5 Rf4 42. Rxg5 Rd2 43. Re5+ Kf8 44. Ra5 Rfxf2 45. Nf5 Ra2
46. Rc5 Rfc2 0-1

[Event "20. Open Pula 2006"]
[Site "Pula CRO"]
[Date "2006.06.21"]
[Round "4.11"]
[White "Stajner, Samo"]
[Black "Jovanic, Ognjen"]
[Result "0-1"]
[WhiteElo "2131"]
[BlackElo "2473"]
[PlyCount "136"]
[EventDate "2006.06.18"]
[EventType "swiss"]
[EventRounds "9"]
[EventCountry "CRO"]
[Source "lmi"]
[SourceDate "2006.06.26"]

1. e4 c5 2. Nf3 e6 3. d3 Nc6 4. g3 g6 5. Bg2 Bg7 6. O-O Nge7 7. Re1 O-O 8. Nbd2
d6 9. Nc4 e5 10. c3 h6 11. Bd2 b5 12. Ne3 a5 13. Nh4 Kh7 14. Rf1 Be6 15. f4
exf4 16. gxf4 f5 17. Qe1 Qd7 18. Qg3 Rf7 19. Nd5 Rg8 20. Rae1 Bh8 21. Kh1 Nd8
22. Qe3 Bxd5 23. exd5 Bf6 24. Qh3 Kh8 25. c4 b4 26. Nf3 Rh7 27. Qg3 Bxb2 28. d4
cxd4 29. Qf2 Bc3 30. Nxd4 Bxd2 31. Qxd2 Rhg7 32. a3 Qa7 33. axb4 axb4 34. Qb2
Kh7 35. Nf3 Qc5 36. Qb3 Rf8 37. Rb1 Nb7 38. Qxb4 Ng8 39. Qc3 Rc8 40. Ng5+ hxg5
41. Qh3+ Nh6 42. fxg5 Nd8 43. Rbe1 Ndf7 44. gxh6 Nxh6 45. Rf4 Qb4 46. Rc1 Qd2
47. Rcf1 Re7 48. Rh4 Kg7 49. Qg3 Re5 50. h3 Qe3 51. Bf3 g5 52. Rg1 Kh7 53. Rh5
f4 54. Qg4 Rxc4 55. Qd7+ Kg6 56. Qxd6+ Kf7 57. Rg2 Rc1+ 58. Kh2 Qe1 59. Qd7+
Re7 60. Qxe7+ Qxe7 61. Rxh6 Qe1 62. Rxg5 Qf2+ 63. Rg2 Qxf3 64. Rh7+ Kf6 65.
Rhg7 Qf1 66. Rg1 Rc2+ 67. R7g2 Rxg2+ 68. Rxg2 f3 0-1

[Event "20. Open Pula 2006"]
[Site "Pula CRO"]
[Date "2006.06.21"]
[Round "4.12"]
[White "Rykov, Ivan"]
[Black "Tratar, Marko"]
[Result "1/2-1/2"]
[WhiteElo "2334"]
[BlackElo "2499"]
[PlyCount "56"]
[EventDate "2006.06.18"]
[EventType "swiss"]
[EventRounds "9"]
[EventCountry "CRO"]
[Source "lmi"]
[SourceDate "2006.06.26"]

1. Nf3 d6 2. c4 e5 3. Nc3 f5 4. d3 Nf6 5. g3 Be7 6. Bg2 O-O 7. O-O Qe8 8. c5 a6
9. cxd6 Bxd6 10. e4 fxe4 11. Nxe4 Nxe4 12. dxe4 Nc6 13. Be3 Kh8 14. h3 Be6 15.
Qe2 Qh5 16. g4 Qe8 17. Rfd1 Rd8 18. b3 Ba3 19. Rxd8 Qxd8 20. Rd1 Qe7 21. Bg5
Qf7 22. Be3 Qe7 23. Bg5 Qc5 24. Be3 Qb5 25. Qc2 Bd6 26. Rd2 Nb4 27. Qc3 Nc6 28.
Qc2 Nb4 1/2-1/2

[Event "20. Open Pula 2006"]
[Site "Pula CRO"]
[Date "2006.06.21"]
[Round "4.14"]
[White "Sutkovic, Damir"]
[Black "Kuljasevic, Davorin"]
[Result "0-1"]
[WhiteElo "2286"]
[BlackElo "2408"]
[PlyCount "90"]
[EventDate "2006.06.18"]
[EventType "swiss"]
[EventRounds "9"]
[EventCountry "CRO"]
[Source "lmi"]
[SourceDate "2006.06.26"]

1. c4 Nf6 2. Nc3 g6 3. g3 Bg7 4. Bg2 O-O 5. d4 d6 6. Nf3 Nc6 7. O-O a6 8. b3
Rb8 9. Bb2 b5 10. cxb5 axb5 11. d5 Na5 12. Nd4 b4 13. Na4 e5 14. Nc6 Nxc6 15.
dxc6 Qe7 16. Qc2 Be6 17. Rfd1 Rb5 18. Rab1 Rfb8 19. e4 Qe8 20. f3 h5 21. Bf1
Ra5 22. Re1 h4 23. g4 Nh7 24. Bc1 d5 25. h3 Bf6 26. Bd2 Bg5 27. Rbd1 Bxd2 28.
Rxd2 Ng5 29. Kg2 Qe7 30. Rdd1 Rd8 31. Qf2 Qf6 32. Rd3 Rd6 33. Qxh4 dxe4 34.
fxe4 Rxd3 35. Bxd3 Qf3+ 36. Kh2 Qf4+ 37. Kg2 Qd2+ 38. Kh1 Qxd3 39. Qxg5 Qxh3+
40. Kg1 Qg3+ 41. Kf1 Rxa4 42. Re3 Qf4+ 43. Qxf4 exf4 44. bxa4 fxe3 45. a5 Bc4+
0-1

[Event "20. Open Pula 2006"]
[Site "Pula CRO"]
[Date "2006.06.21"]
[Round "4.15"]
[White "Ekeberg, Carl Fredrik"]
[Black "Markosian, David S"]
[Result "1/2-1/2"]
[WhiteElo "2272"]
[BlackElo "2397"]
[PlyCount "50"]
[EventDate "2006.06.18"]
[EventType "swiss"]
[EventRounds "9"]
[EventCountry "CRO"]
[Source "lmi"]
[SourceDate "2006.06.26"]

1. Nf3 Nf6 2. c4 g6 3. Nc3 Bg7 4. e4 d6 5. d4 O-O 6. Be2 e5 7. O-O a5 8. dxe5
dxe5 9. Qxd8 Rxd8 10. Bg5 Nbd7 11. Rfd1 Rf8 12. Nd5 c6 13. Nxf6+ Nxf6 14. Nd2
Be6 15. f3 Nd7 16. c5 Rfe8 17. Be3 Bf8 18. Rdc1 a4 19. Nc4 f6 20. Rc2 Nxc5 21.
Nb6 Ra5 22. Bd2 Ra7 23. Be3 Ra5 24. Bd2 Ra7 25. Be3 Ra5 1/2-1/2

[Event "20. Open Pula 2006"]
[Site "Pula CRO"]
[Date "2006.06.21"]
[Round "4.17"]
[White "Shtivelband, Vladimir"]
[Black "Rukavina, Josip"]
[Result "0-1"]
[WhiteElo "2193"]
[BlackElo "2384"]
[PlyCount "128"]
[EventDate "2006.06.18"]
[EventType "swiss"]
[EventRounds "9"]
[EventCountry "CRO"]
[Source "lmi"]
[SourceDate "2006.06.26"]

1. c4 g6 2. Nc3 Bg7 3. e4 c5 4. g3 Nc6 5. Bg2 Nf6 6. d3 O-O 7. f4 d6 8. Nf3 Ne8
9. O-O Nc7 10. Be3 Ne6 11. Qd2 Ned4 12. h3 a6 13. Kh2 Rb8 14. Rac1 b5 15. b3
Bd7 16. Ne2 a5 17. Nexd4 cxd4 18. Bf2 e5 19. f5 bxc4 20. Rxc4 Nb4 21. fxg6 hxg6
22. a3 Na6 23. Qc2 Be6 24. Nd2 Nc5 25. Rb1 Qc7 26. b4 Bxc4 27. Qxc4 axb4 28.
axb4 Ne6 29. Qxc7 Nxc7 30. Nc4 Nb5 31. Bf3 Ra8 32. Na5 Rfc8 33. Rb2 Bh6 34. Nc4
Ra1 35. Bg4 Rc7 36. h4 Rca7 37. Na5 Rc1 38. Kg2 Kf8 39. h5 gxh5 40. Bxh5 Ke7
41. Bg4 Ra8 42. Bf3 Bg5 43. Be2 Ke8 44. Nb3 Rc7 45. Na5 Bc1 46. Rb1 Be3 47. Rh1
Ke7 48. Be1 Rc2 49. Kf3 Rc1 50. Kg2 Na3 51. g4 Kd7 52. Rf1 Ke6 53. Bh4 Rxf1 54.
Bxf1 Rh8 55. Bg3 Rb8 56. Be2 Rxb4 57. Bd1 Rb5 58. Nb3 Kf6 59. Bh4+ Bg5 60. Be1
Nb1 61. Kf1 Nc3 62. Bc2 Rb8 63. Bf2 Kg6 64. Be1 Ra8 0-1

[Event "20. Open Pula 2006"]
[Site "Pula CRO"]
[Date "2006.06.21"]
[Round "4.20"]
[White "Kovacevic, Blazimir"]
[Black "Sarmir, Milos"]
[Result "1-0"]
[WhiteElo "2468"]
[BlackElo "2157"]
[PlyCount "63"]
[EventDate "2006.06.18"]
[EventType "swiss"]
[EventRounds "9"]
[EventCountry "CRO"]
[Source "lmi"]
[SourceDate "2006.06.26"]

1. d4 Nf6 2. c4 e6 3. Nc3 d5 4. cxd5 Nxd5 5. e4 Nxc3 6. bxc3 c5 7. Nf3 cxd4 8.
cxd4 Bb4+ 9. Bd2 Qa5 10. Rb1 Bxd2+ 11. Qxd2 Qxd2+ 12. Kxd2 Ke7 13. Bb5 a6 14.
Bd3 Rd8 15. Rhc1 Nc6 16. Ke3 f6 17. h4 h6 18. Rc5 Rd7 19. Bc4 Nd8 20. a4 Nf7
21. e5 f5 22. Rb6 Nd8 23. d5 exd5 24. Bxd5 Kf8 25. Nd4 Re7 26. e6 g6 27. h5 Kg7
28. hxg6 Kxg6 29. Kf4 Kf6 30. Bb3 Nxe6+ 31. Nxe6 Bxe6 32. Rxf5+ 1-0

[Event "20. Open Pula 2006"]
[Site "Pula CRO"]
[Date "2006.06.21"]
[Round "5.1"]
[White "Stocek, Jiri"]
[Black "Saric, Ivan"]
[Result "1/2-1/2"]
[WhiteElo "2565"]
[BlackElo "2393"]
[PlyCount "92"]
[EventDate "2006.06.18"]
[EventType "swiss"]
[EventRounds "9"]
[EventCountry "CRO"]
[Source "lmi"]
[SourceDate "2006.06.26"]

1. d4 Nf6 2. c4 g6 3. Nc3 Bg7 4. e4 d6 5. h3 O-O 6. Bg5 Nbd7 7. Bd3 e5 8. d5
Nc5 9. Bc2 a5 10. Nge2 Qe8 11. f3 Bd7 12. Qd2 Kh8 13. g4 Ng8 14. Ng3 a4 15. h4
f5 16. exf5 e4 17. O-O gxf5 18. Nh5 Qe5 19. Nxg7 Qxg7 20. Be3 Nd3 21. Bxd3 exd3
22. g5 f4 23. Bxf4 Qd4+ 24. Be3 Qxh4 25. Ne4 Ne7 26. Rf2 Ng6 27. Qxd3 Ne5 28.
Bd4 Bf5 29. f4 Bxe4 30. Qxe4 Kg8 31. Raf1 Rae8 32. Bxe5 dxe5 33. g6 h6 34. d6
cxd6 35. Qd5+ Kg7 36. f5 Qg4+ 37. Rg2 Qd4+ 38. Qxd4 exd4 39. Rg4 d3 40. Rd4 Re5
41. Rxd3 Rexf5 42. Rxf5 Rxf5 43. Rxd6 b5 44. cxb5 Rxb5 45. Ra6 Rxb2 46. Rxa4
Kxg6 1/2-1/2

[Event "20. Open Pula 2006"]
[Site "Pula CRO"]
[Date "2006.06.21"]
[Round "5.3"]
[White "Krumpacnik, Domen"]
[Black "Pavasovic, Dusko"]
[Result "0-1"]
[WhiteElo "2385"]
[BlackElo "2534"]
[PlyCount "50"]
[EventDate "2006.06.18"]
[EventType "swiss"]
[EventRounds "9"]
[EventCountry "CRO"]
[Source "lmi"]
[SourceDate "2006.06.26"]

1. d4 d5 2. c4 e6 3. e3 Nf6 4. Nf3 a6 5. Nbd2 c5 6. cxd5 Nxd5 7. dxc5 Bxc5 8.
a3 O-O 9. b4 Be7 10. Bb2 Nc6 11. Be2 Bf6 12. Qb3 a5 13. b5 a4 14. Qc2 Na5 15.
O-O Bd7 16. Bxf6 Qxf6 17. Ne4 Qh6 18. Qxa4 Nxe3 19. Nc5 Bc8 20. Rfc1 b6 21. Na6
Bb7 22. Rab1 Nd5 23. Qd4 Nb3 24. Qb2 Nxc1 25. Rxc1 Rac8 0-1

[Event "20. Open Pula 2006"]
[Site "Pula CRO"]
[Date "2006.06.21"]
[Round "5.4"]
[White "Plenkovic, Zdenko"]
[Black "Cvitan, Ognjen"]
[Result "1/2-1/2"]
[WhiteElo "2278"]
[BlackElo "2527"]
[PlyCount "161"]
[EventDate "2006.06.18"]
[EventType "swiss"]
[EventRounds "9"]
[EventCountry "CRO"]
[Source "lmi"]
[SourceDate "2006.06.26"]

1. c4 g6 2. Nf3 Bg7 3. g3 c5 4. Nc3 Nc6 5. Bg2 e6 6. O-O Nge7 7. d3 O-O 8. Bd2
b6 9. Rc1 Bb7 10. a3 d5 11. cxd5 exd5 12. Na4 Nf5 13. b4 cxb4 14. axb4 Re8 15.
b5 Ncd4 16. Nxd4 Nxd4 17. Nc3 Qd7 18. Rb1 Ne6 19. Re1 Rac8 20. Qb3 Bxc3 21.
Bxc3 d4 22. Bxb7 Qxb7 23. Bd2 h5 24. Rbc1 Rxc1 25. Rxc1 Nc5 26. Qc4 Rxe2 27.
Bb4 h4 28. Qxd4 h3 29. Qd8+ Kh7 30. Qh4+ Kg8 31. Qd8+ Kh7 32. Qh4+ Kg8 33. Qxh3
Qf3 34. Bxc5 bxc5 35. Qc8+ Kg7 36. Qxc5 Qxd3 37. Qxa7 Qxb5 38. Qa1+ Qe5 39.
Qxe5+ Rxe5 40. h4 Ra5 41. Rc6 Rb5 42. Kg2 Ra5 43. Rd6 Rb5 44. Kf3 Rb3+ 45. Kf4
Rb4+ 46. Ke3 Rb3+ 47. Ke4 Rb2 48. f3 Rb4+ 49. Rd4 Rb5 50. Kf4 Rf5+ 51. Kg4 Rb5
52. Kh3 Rb3 53. Rf4 Ra3 54. g4 Ra1 55. Kg2 Ra2+ 56. Kg3 Ra1 57. Rd4 Ra5 58. Kf4
Rb5 59. Re4 Kf6 60. Re8 Rb4+ 61. Kg3 Rb5 62. Rg8 Ra5 63. g5+ Ke7 64. Rh8 Rb5
65. Kg4 Rb4+ 66. f4 f5+ 67. Kf3 Rb3+ 68. Ke2 Rh3 69. Kf2 Kf7 70. Rh6 Kg7 71.
Kg2 Ra3 72. h5 gxh5 73. Rf6 h4 74. Rxf5 h3+ 75. Kh2 Kg6 76. Rf6+ Kh5 77. g6 Kh4
78. g7 Ra2+ 79. Kh1 Ra1+ 80. Kh2 Ra2+ 81. Kh1 1/2-1/2

[Event "20. Open Pula 2006"]
[Site "Pula CRO"]
[Date "2006.06.21"]
[Round "5.5"]
[White "Petrik, Tomas"]
[Black "Rukavina, Josip"]
[Result "1-0"]
[WhiteElo "2515"]
[BlackElo "2384"]
[PlyCount "175"]
[EventDate "2006.06.18"]
[EventType "swiss"]
[EventRounds "9"]
[EventCountry "CRO"]
[Source "lmi"]
[SourceDate "2006.06.26"]

1. e4 d6 2. d4 g6 3. Nf3 Nf6 4. Bd3 Bg7 5. O-O O-O 6. c3 Nc6 7. h3 e5 8. Nbd2
Nh5 9. Nb3 h6 10. Be3 Qf6 11. Bb5 Nb8 12. Re1 Nf4 13. Kh2 b6 14. a4 a5 15. Nbd2
Bd7 16. Nc4 Bxb5 17. axb5 Nd7 18. Qd2 g5 19. Ng1 Qe6 20. b3 d5 21. Nxe5 Nxe5
22. dxe5 Ng6 23. Bd4 dxe4 24. Rxe4 Qxb3 25. e6 Qd5 26. Rae1 fxe6 27. Rxe6 Nf4
28. R6e4 Bxd4 29. Qxd4 Qxd4 30. Rxd4 Rae8 31. Red1 Ne6 32. R4d2 Nc5 33. Nf3 Rf4
34. Rd5 Rc4 35. Ne5 Rxc3 36. Nd7 Nxd7 37. Rxd7 Rf8 38. f3 Rf7 39. Kg3 Rc4 40.
R7d5 Kg7 41. Re1 Kf6 42. Re8 Rb4 43. Rh8 Ke6 44. Rd2 Rf6 45. Rh7 Rxb5 46. Rxc7
Kf5 47. h4 Kg6 48. Kh3 gxh4 49. Kxh4 Rg5 50. Rdd7 a4 51. g4 Rf8 52. Rd6+ Rf6
53. Rdd7 Rf8 54. Rc6+ Rf6 55. Rcc7 Rf8 56. Rg7+ Kf6 57. Rh7 Ra5 58. f4 Ke6 59.
Rxh6+ Kd5 60. Rh5+ Kd6 61. Rxa5 bxa5 62. Rc4 a3 63. Ra4 Kc5 64. f5 Rh8+ 65. Kg3
Ra8 66. g5 Kd6 67. Kf4 Ke7 68. Ke5 Kf7 69. Rxa3 a4 70. g6+ Kg7 71. Rg3 a3 72.
f6+ Kh6 73. g7 a2 74. Rg1 Rb8 75. Kf5 Rb5+ 76. Ke6 Rb6+ 77. Kd7 Rb8 78. Ke7 Rg8
79. Kd6 Rb8 80. f7 a1=Q 81. g8=N+ Kh7 82. Rxa1 Kg7 83. Rf1 Kf8 84. Ne7 Rb6+ 85.
Nc6 Ra6 86. Kd5 Ra8 87. Ne5 Ra5+ 88. Kd4 1-0

[Event "20. Open Pula 2006"]
[Site "Pula CRO"]
[Date "2006.06.21"]
[Round "5.6"]
[White "Popovic, Dusan"]
[Black "Klimov, Anton"]
[Result "1-0"]
[WhiteElo "2496"]
[BlackElo "2383"]
[PlyCount "93"]
[EventDate "2006.06.18"]
[EventType "swiss"]
[EventRounds "9"]
[EventCountry "CRO"]
[Source "lmi"]
[SourceDate "2006.06.26"]

1. e4 c5 2. Nf3 d6 3. d4 cxd4 4. Nxd4 Nf6 5. Nc3 a6 6. Be3 e5 7. Nb3 Be6 8. f3
Nbd7 9. Qd2 b5 10. O-O-O Nb6 11. Qf2 Nc4 12. Bxc4 bxc4 13. Na5 Qd7 14. g4 Be7
15. g5 Nh5 16. Nd5 Bxd5 17. Rxd5 Qc7 18. Kb1 O-O 19. Qe2 Rac8 20. b3 cxb3 21.
cxb3 f5 22. Rc1 Qd7 23. Rdd1 fxe4 24. fxe4 Nf4 25. Qxa6 Rxc1+ 26. Bxc1 Qg4 27.
Rd2 Qxg5 28. Nc6 Bf6 29. Rxd6 Qg1 30. Rd2 h5 31. Qc4+ Kh8 32. b4 h4 33. Rc2 g5
34. Qc5 Qxc5 35. Rxc5 Nd3 36. Rd5 Nxc1 37. Kxc1 Rc8 38. b5 g4 39. Kd1 h3 40.
Ke2 Ra8 41. b6 Rxa2+ 42. Rd2 Rxd2+ 43. Kxd2 Bd8 44. Nxd8 g3 45. b7 gxh2 46.
b8=Q h1=Q 47. Ne6+ 1-0

[Event "20. Open Pula 2006"]
[Site "Pula CRO"]
[Date "2006.06.21"]
[Round "5.10"]
[White "Kveinys, Aloyzas"]
[Black "Shirjaev, Alexandr"]
[Result "1/2-1/2"]
[WhiteElo "2532"]
[BlackElo "2287"]
[PlyCount "152"]
[EventDate "2006.06.18"]
[EventType "swiss"]
[EventRounds "9"]
[EventCountry "CRO"]
[Source "lmi"]
[SourceDate "2006.06.26"]

1. c4 Nf6 2. Nc3 c5 3. g3 d5 4. cxd5 Nxd5 5. Bg2 Nc7 6. d3 e5 7. Nf3 Nc6 8. O-O
Be7 9. Nd2 Bd7 10. Nc4 f6 11. f4 b5 12. Ne3 Rb8 13. Nf5 Bxf5 14. Bxc6+ Bd7 15.
Bxd7+ Qxd7 16. fxe5 fxe5 17. Be3 Rf8 18. Rxf8+ Kxf8 19. Qb3 Ne6 20. Rf1+ Kg8
21. Ne4 Rc8 22. Qc3 Nd4 23. Qd2 Qg4 24. Bxd4 exd4 25. Qa5 Qd7 26. b3 Qb7 27.
Rf5 a6 28. Re5 Rc7 29. a4 h6 30. axb5 axb5 31. b4 cxb4 32. Rxb5 Qa7 33. Qxa7
Rxa7 34. Kf2 Kf7 35. Nd2 Ke6 36. Nb3 Rd7 37. Kf3 Rd5 38. Ke4 Rxb5 39. Nxd4+ Kd7
40. Nxb5 b3 41. Nc3 Bb4 42. Nb1 b2 43. Kd4 Be1 44. Kc4 Bf2 45. Kb3 Bd4 46. Kc2
Ke6 47. e4 Bg1 48. h3 Bf2 49. g4 Ke5 50. Nc3 Kf4 51. Nd5+ Kg3 52. e5 Kxh3 53.
e6 Bc5 54. d4 Ba3 55. g5 h5 56. e7 Bxe7 57. Nxe7 Kg4 58. d5 h4 59. d6 h3 60. d7
h2 61. d8=Q b1=Q+ 62. Kxb1 h1=Q+ 63. Kc2 Qg2+ 64. Kc3 Qf3+ 65. Kc4 Qf4+ 66. Kb5
Qxg5+ 67. Ka6 Qf6+ 68. Kb7 Qb2+ 69. Kc7 Qe5+ 70. Kc6 Qe6+ 71. Kb7 Qb3+ 72. Kc7
Qc4+ 73. Kb6 Qb3+ 74. Kc5 Qc3+ 75. Kb5 Qb2+ 76. Kc6 Qc2+ 1/2-1/2

[Event "20. Open Pula 2006"]
[Site "Pula CRO"]
[Date "2006.06.21"]
[Round "5.13"]
[White "Kantorik, Marian"]
[Black "Kovacevic, Blazimir"]
[Result "1/2-1/2"]
[WhiteElo "2286"]
[BlackElo "2468"]
[PlyCount "95"]
[EventDate "2006.06.18"]
[EventType "swiss"]
[EventRounds "9"]
[EventCountry "CRO"]
[Source "lmi"]
[SourceDate "2006.06.26"]

1. d4 e6 2. c4 Bb4+ 3. Nd2 b6 4. Ngf3 Bb7 5. a3 Bxd2+ 6. Bxd2 f5 7. g3 Nf6 8.
Bg2 O-O 9. O-O Qe8 10. Bc3 a5 11. b4 axb4 12. axb4 b5 13. cxb5 d6 14. Ra5 Nbd7
15. Bd2 Nb6 16. Qc2 Nbd5 17. Rfa1 Rb8 18. Ne1 Ne4 19. Nd3 g5 20. Bc1 g4 21. Nf4
Rf7 22. Qb3 Nxf4 23. Bxf4 Bd5 24. Qd3 Qc8 25. Ra7 Rb7 26. Ra8 Rb8 27. R8a7 Qd7
28. R1a5 Rff8 29. f3 gxf3 30. exf3 Nf6 31. Bg5 Rb7 32. Bxf6 Rxf6 33. f4 Bxg2
34. Kxg2 Rb6 35. Qc4 Rf7 36. R7a6 Rf8 37. Ra7 Rc8 38. Ra8 Kf7 39. Rxc8 Qxc8 40.
Ra7 Rb7 41. Rxb7 Qxb7+ 42. Qc6 Qa7 43. Qd7+ Kf6 44. Qxh7 Qa2+ 45. Kh3 Qe2 46.
Qh6+ Kf7 47. Qh7+ Kf6 48. Qh6+ 1/2-1/2

[Event "20. Open Pula 2006"]
[Site "Pula CRO"]
[Date "2006.06.21"]
[Round "5.14"]
[White "Sagafos, Magne"]
[Black "Abergel, Thal"]
[Result "1-0"]
[WhiteElo "2271"]
[BlackElo "2457"]
[PlyCount "87"]
[EventDate "2006.06.18"]
[EventType "swiss"]
[EventRounds "9"]
[EventCountry "CRO"]
[Source "lmi"]
[SourceDate "2006.06.26"]

1. e4 c5 2. Nf3 Nc6 3. d4 cxd4 4. Nxd4 Nf6 5. Nc3 d6 6. h3 Bd7 7. Be3 Rc8 8. g4
h6 9. Qd2 a6 10. O-O-O b5 11. Nxc6 Bxc6 12. f3 e6 13. Bg2 Be7 14. h4 Nd7 15.
Kb1 Ne5 16. b3 Qa5 17. Bd4 b4 18. Ne2 O-O 19. Ng3 Bb5 20. Bb2 Rc3 21. Ne2 Rfc8
22. Nd4 Nc6 23. Nxc6 R8xc6 24. Rc1 Bd8 25. g5 Bb6 26. Rhe1 hxg5 27. hxg5 g6 28.
Rh1 Kf8 29. Rh8+ Ke7 30. Qf4 Rc7 31. Qf6+ Kd7 32. Qxf7+ Kc6 33. Qxe6 Be2 34.
Bxc3 bxc3 35. f4 Kc5 36. Rb8 Bb5 37. a4 Kb4 38. Qxd6+ Bc5 39. Qd8 Ba7 40. Rc8
Rxc8 41. Qxc8 Bc5 42. Qb7 Ka3 43. axb5 axb5 44. Bf1 1-0

[Event "20. Open Pula 2006"]
[Site "Pula CRO"]
[Date "2006.06.21"]
[Round "5.15"]
[White "Medancic, Rikard"]
[Black "Bhat, Vinay S"]
[Result "0-1"]
[WhiteElo "2265"]
[BlackElo "2409"]
[PlyCount "108"]
[EventDate "2006.06.18"]
[EventType "swiss"]
[EventRounds "9"]
[EventCountry "CRO"]
[Source "lmi"]
[SourceDate "2006.06.26"]

1. d4 Nf6 2. Nf3 e6 3. Bg5 h6 4. Bh4 d6 5. Nbd2 g5 6. Bg3 Nh5 7. e3 Bg7 8. Bd3
Qe7 9. c3 a6 10. Ng1 Nxg3 11. hxg3 Nd7 12. Ne2 Nf6 13. Ne4 Nxe4 14. Bxe4 f5 15.
Bc2 h5 16. Qd2 Bd7 17. O-O-O O-O-O 18. Kb1 Rh6 19. Rde1 Rdh8 20. e4 fxe4 21.
Bxe4 h4 22. g4 Qf6 23. Rh3 Qe7 24. f3 Kb8 25. Ng1 Rc8 26. Rh1 Rhh8 27. Nh3 Bf6
28. Re3 Qg7 29. Rd1 d5 30. Bc2 c5 31. dxc5 Rxc5 32. Ng1 Rc7 33. Qd3 d4 34. cxd4
Rhc8 35. Bb3 Bxd4 36. Ree1 Bxb2 37. Ne2 Bb5 38. Qd6 Be5 39. Qb4 Ba1 40. Nd4 Bc3
41. Qd6 Bxe1 42. Rxe1 Bd3+ 43. Kb2 Ka8 44. Ka3 Rd7 45. Nxe6 Rxd6 46. Nxg7 Bc4
47. Re5 Bxb3 48. axb3 Rd2 49. Ne6 Rxg2 50. Rxg5 h3 51. Rh5 h2 52. Nf4 Rd2 53.
g5 Rc1 54. g6 Rg1 0-1

[Event "20. Open Pula 2006"]
[Site "Pula CRO"]
[Date "2006.06.21"]
[Round "5.16"]
[White "Hager, Franz"]
[Black "Rigo, Zsolt"]
[Result "0-1"]
[WhiteElo "2234"]
[BlackElo "2402"]
[PlyCount "76"]
[EventDate "2006.06.18"]
[EventType "swiss"]
[EventRounds "9"]
[EventCountry "CRO"]
[Source "lmi"]
[SourceDate "2006.06.26"]

1. d4 Nf6 2. c4 e6 3. Nf3 b6 4. g3 Bb7 5. Bg2 Be7 6. O-O O-O 7. Nc3 Na6 8. d5
Bb4 9. Nh4 Bxc3 10. bxc3 Nc5 11. Be3 Rb8 12. h3 Re8 13. Bxc5 bxc5 14. Qa4 exd5
15. Qxa7 d6 16. Rfd1 Ne4 17. cxd5 Nxc3 18. Rd2 Qc8 19. Qa3 Nxe2+ 20. Kh2 Ba6
21. Re1 Ra8 22. Qf3 Nd4 23. Rxe8+ Qxe8 24. Qg4 Qe1 25. Rxd4 cxd4 26. Qxd4 g6
27. Nf3 Qe7 28. h4 Bc8 29. Ng5 Bf5 30. Qc4 Ra5 31. g4 Rc5 32. Qb4 Bc2 33. Kh3
Qe5 34. Qb8+ Kg7 35. Qd8 Rc3+ 36. Bf3 Qf4 37. Kg2 Rxf3 38. Nxf3 Be4 0-1